Biblioteca

The minor prophets : An exegetical and expository commentary. Volume 1 : Hosea. Joel, Amos. Edited by T. E. McComiskey (Registro nro. 59692)

Detalles MARC
000 -LÍDER
Campo fijo de descripción fija 004610000a22001090004500
100 1# - ASIENTO PRINCIPAL--NOMBRE PERSONAL
Nombre personal Baldwin, Joyce G.
245 10 - TÍTULO
Título del Material The minor prophets : An exegetical and expository commentary. Volume 1 : Hosea. Joel, Amos. Edited by T. E. McComiskey
300 ## - DESCRIPCIÓN FÍSICA
Extensión Vol. LXVI, No. 1 (January, 1994), Páginas 60-63
500 ## - NOTA GENERAL
Nota General Grand Rapids : Baker book house, 1992. 502 pp. ISBN 0-8010-6285-3
773 0# - HOST ITEM ENTRY
Title The evangelical quarlerly : An international revie
942 ## - TIPO DE MATERIAL (KOHA)
Tipo de Item KOHA Artículos de Revista
Existencias
Estado de Material Estado de Perdido Estado de Dañado No para Préstamo Colección Biblioteca de Origen Biblioteca Permanente Fecha de Adquisición Total de Préstamos Signatura Topográfica Última vez visto Fecha de Remplazo Tipo de Material
        Colección de Hemeroteca Biblioteca FUSBC Biblioteca FUSBC 26/01/2016   26/01/2016 26/01/2016 Artículos de Revista

Biblioteca FUSBC | Teléfono: (57+4) 349 88 10 Ext. 141| WhatsApp (+57) 3005338115 
E-mail: biblioteca@unisbc.edu.co | Calle 76 87-14 Robledo Palenque, Medellín, Colombia

Con tecnología Koha